Approximatesolution of operator equations with applications

Saved in:
Bibliographic Details
Main Author: Argyros, Ioannis K.
Format: Book
Language:English
Published: Singapore ; Hackensack, NJ : World Scientific, c2005
Subjects:
Tags: Add Tag
No Tags, Be the first to tag this record!

MARC

LEADER 00000nam a2200000 i 4500
001 1/73871
008 080208s2005 eng d
020 |a 981-256-365-2 
035 |l 10094495 
040 |a GR-MY-UA  |b gre  |e aacr 
041 0 |a eng 
082 0 |a 515.724  |2 (22) 
100 1 |a Argyros, Ioannis K. 
245 1 0 |a Approximatesolution of operator equations with applications /  |c Ioannis K. Argyros 
260 |a Singapore ; Hackensack, NJ :   |b World Scientific,   |c c2005 
300 |a xiii, 512 σ.;  |c 24 εκ. 
504 |a Περιέχει βιβλιογραφικές παραπομπές (σ. 495-510) και ευρετήριο 
650 0 0 |a Operator equations  |x Numerical solutions. 
650 0 0 |a Approximation theory. 
852 |a INST  |b SAMOS  |e 20080208  |h 515.724 ARG  |p 005300026851  |q 005300026851  |t BK  |y 0 
901 |a BIBL3-2008-1 
909 |a Σ  |b 142370 
922 |a 3ΕΛΗ  |b 200712  |c ΕΠΕΑΕΚ2/ΤΜΗΜΑ ΜΑΘΗΜΑΤΙΚΩΝ  |d ΕΛΕΥΘΕΡΟΥΔΑΚΗΣ 
970 |a ΡΟΥΣΣΟΥ  |b ΚΩΝΣΤΑΝΤΙΝΑ  |z 2008/02/08